| 000 | 00726nam a2200229 i 4500 | ||
|---|---|---|---|
| 001 | 189302 | ||
| 003 | SpMaBN | ||
| 005 | 20250806063144.0 | ||
| 008 | 190522s1972 sp |||| | spa d | ||
| 080 | _a22.017 | ||
| 100 | 1 |
_aPikaza, Xabier, _d1941- _9149556 |
|
| 245 | 1 | 3 |
_aLa Biblia y la teología de la historia _b: tierra y promesa de Dios / _cJavier Pikaza. |
| 260 |
_aMadrid : _bFax, _c[1972] |
||
| 300 |
_a410 p. ; _c23 cm. |
||
| 490 | 1 |
_aActualidad bíblica ; _v28 |
|
| 500 | _aÍndice. | ||
| 504 | _aBibliografía: p. [367]-371. | ||
| 630 | 0 | 7 |
_aBiblia- _xCrítica e interpretación. _9119239 |
| 830 | 0 |
_aActualidad bíblica ; _v28 _9193281 |
|
| 852 |
_aES-MaACL _jJ-9(24) |
||
| 999 |
_c189302 _d189302 |
||